• 首页
  • 本馆介绍
  • 公告通知
  • 最新文献
  • 馆藏检索
  • 电子资源
  • 读者导购
  • 参考咨询
  • 我的图书馆
  • 登录
  • 详细信息显示
  • 放入我的书架
  • 预约/预借图书
  • 作者相关作品
  • 分类相关作品
  • 丛书相关作品
  • 出版社相关作品

书目信息

  • 表格格式
  • 工作单格式
  • 卡片格式
书名: Out of the past
作者: David L. Webster, Susan Toby Evans, William T. Sanders.
分册号:
分册名:
出版地: Mountain View, Calif. :
 
出版社: Mayfield Pub. Co
出版时间: c1993.
页数: xxii, 626 p., [8] p. of plates :
开本: 25 cm.
丛书名:
中图分类号:
科图分类号:
其他分类号: K85
主题词:
电子资源: http://www.loc.gov/catdir/toc/mh023/92015099.html      http://www.loc.gov/catdir/description/mh024/92015099.html     
000 01356pam a2200325 a 450
001 E0739665131
005 20070313110611.03
008 920401s1993 cauabf b 001 0 eng
010    @a92015099
020    @a1-55934-153-X.
035    @A(DLC) 92015099
040    @aDLC@cDLC@dDLC
050 00 @aCC165@b.W42 1993
082 00 @a930.1@2 20
090    @aK85
099    @dK85@ex4
100 1  @aWebster, David L.,@d1943-
245 10 @aOut of the past :@ban introduction to archaeology / @cDavid L. Webster, Susan Toby Evans, William T. Sanders.
260    @aMountain View, Calif. :@bMayfield Pub. Co.,@cc1993.
300    @axxii, 626 p., [8] p. of plates :@bill. (some col.), maps (some col.) ;@c25 cm.
500    @a"From the Annenberg/CPB Collection"--Cover.
504    @aIncludes bibliographical references (p. 585-611) and index.
650  0 @aArchaeology.
700 1  @aEvans, Susan Toby,@d1945-
700 1  @aSanders, William T.
856 41 @3 Table of contents@uhttp://www.loc.gov/catdir/toc/mh023/92015099.html
856 42 @3 Publisher description@uhttp://www.loc.gov/catdir/description/mh024/92015099.html
906    @a7@bcbc@corignew@d1@eocip@f19@gy-gencatlg
955    @apc18 to bt00 04-01-92; bt14/bt26 to SCD 04-06-92; fc18 04-07-92; fl27 04-14-92; CIP ver. nb06 12-15-92
991    @bc-GenColl@hCC165@i.W42 1993@tCopy 1@wBOOKS
    
    Out of the past : : an introduction to archaeology / / David L. Webster, Susan Toby Evans, William T. Sanders.-Mountain View, Calif. : : Mayfield Pub. Co., , c1993.
    xxii, 626 p., [8] p. of plates : : ill. (some col.), maps (some col.) ; ; 25 cm.
    "From the Annenberg/CPB Collection"--Cover.-Includes bibliographical references (p. 585-611) and index.
    
    ISBN 1-55934-153-X.
    
●
相关链接 在E读中查询图书 在五车中查询图书 在当当中查询图书 在豆瓣中查询图书


正题名:Out of the past     索取号:K85/x4         预约/预借

序号 登录号 条形码 馆藏地/架位号 状态 备注
1 0001623   300016239   第二样本阅览室/ [索取号:K85/x4] 在馆    
2 0001624   300016248   第四借阅区/ [索取号:K85/x4] 在馆    
唐山师范学院图书馆 欢迎您!
大连网信软件有限公司© 版权所有